00555 2200169 4500001002100000008004100021035002000062245010000082100001500182260005000197300002600247020002200273084001700295082001100312650004900323990001300372INLIS000000000000244 ind  a0010-0120000244 aPemahaman Al-Qur'an dan Hadist 3bUntuk Kelas IX Madrasah TsanawiyahcT. Ibrahim dan H. Darsono aIbrahim, T aSolo :bTiga Serangkai Pustaka Mandiri,c2017 axii, 116 hlm.c25 cm. a978-602-257-778-2 a297.12 IBR p a297.12 aAl-Qur'an dan Hadist -- Studi dan Pengajaran a21900244